[Event "EU-Cup 15th final"]
[Site "Bugojno"]
[Date "1999.10.31"]
[Round "3"]
[White "Piket, Jeroen"]
[Black "Beliavsky, Alexander G"]
[Result "1-0"]
[WhiteElo "2635"]
[BlackElo "2618"]
[Annotator "Donev,I"]
[PlyCount "93"]
[EventDate "1999.10.29"]
[EventType "team-k.o."]
[EventRounds "3"]
[EventCountry "BIH"]
[SourceTitle "EXT 2020"]
[Source "ChessBase"]
[SourceDate "2019.10.17"]
[SourceVersion "1"]
[SourceVersionDate "2019.10.17"]
[SourceQuality "1"]
[WhiteTeam "Sarajevo Bosna"]
[BlackTeam "Zemun Agrouniverzal"]
[WhiteTeamCountry "BIH"]
[BlackTeamCountry "SRB"]

1. d4 Nf6 2. c4 e6 3. Nf3 d5 4. Nc3 Be7 5. Bg5 h6 6. Bh4 O-O 7. e3 b6 8. Be2
Bb7 9. Bxf6 Bxf6 10. cxd5 exd5 11. O-O Qe7 12. Qb3 Rd8 13. Rfd1 {Fast in jeder
Er�ffnung kommt ein Moment wo man sich entscheiden muss, die T�rme richtig
zu entwickeln. Es ist oft so: wenn man einen Turm falsch platziert, dann wird
auch der andere Probleme haben. Einer der kaum Fehler bei diesem Problem
machte, war der Exweltmeister Capablanca. In der Partie findet Wei� die
optimale Turmentwicklung - Rd1 und Rc1. So wird der Standard
Befreiungsvorsto� c5 gest�rt.} ({Noch zwei andere Pl�ne die wei�en
T�rme zu platzieren:} 13. Rad1 g6 14. Rfe1 a6 15. e4 dxe4 16. Bd3 Qf8 17.
Bxe4 Bxe4 18. Nxe4 Bg7 19. Ne5 Kh7 20. Nxf7 Nc6 21. Nxd8 Rxd8 22. d5 Nd4 23.
Qc4 b5 24. Qc5 Qxc5 25. Nxc5 Rxd5 26. Nxa6 c5 27. Kf1 g5 28. Re7 Kg6 29. Rc7 c4
30. Nb4 Rd6 31. Nc2 Nf5 32. Rxd6+ Nxd6 33. Rc6 Be5 34. Nd4 {1-0 Renet,
J-Meinsohn,F/Epinal 1986/EXT 97 (34)}) (13. Rfe1 c5 14. dxc5 Bxc3 15. Qxc3 bxc5
16. Rac1 Nd7 17. Qa3 Rdc8 18. Nd4 Qg5 19. Nf3 Qe7 20. Rc2 a5 21. Nd2 Qh4 22.
Rec1 Qb4 23. Qc3 Nf6 24. h3 Ba6 25. Bxa6 Rxa6 26. Qxb4 axb4 27. Rxc5 Rxc5 28.
Rxc5 Rxa2 29. Rc8+ Kh7 30. Rc2 Ne4 31. Nb3 Kg6 32. Kf1 Nc3 33. Nc1 Ra1 34. bxc3
b3 35. Rb2 Rxc1+ 36. Ke2 Rxc3 {1/2-1/2 Ribli,Z-Vaganian,R/Niksic 1978/MCL (36)}
) 13... c6 14. Bf1 $5 {Eine neue Idee. Der wei�e L�ufer wird auf g2
fianchettiert um Druck auf der gro�en Diagonale h1-a8 auszu�ben.} (14. Rd2
Nd7 15. Rc1 Nf8 16. a3 Ne6 17. Qa4 c5 18. Ba6 cxd4 19. Nxd4 Nc5 20. Bxb7 Nxa4
21. Bxa8 Nxc3 22. Nc6 Qc5 {0-1 Derichs,R-Ginsburg,G/ Germany 1996/GER-chT2 (22)
}) 14... Bc8 15. g3 Bg4 16. Bg2 Nd7 17. Rac1 Rac8 18. Ne2 Nf8 19. h3 Bf5 20.
Nf4 g6 21. Qa4 Bg7 22. b4 $1 {Schwarz ist schon am Damenfl�gel unter Druck
gesetzt. Der Bauer c6 ist schwach und wird bald erobert von den wei�en
Figuren.} (22. Rxc6 Qe8 (22... Bd7 23. Nxd5 Qe8 24. Qa3 Bxc6 25. Ne7+ Kh7 26.
Nxc8 Rxc8 27. Qxa7) 23. Rdc1 Bd7 {-+}) 22... b5 ({Vielleicht besser w�hre
die passive Verteidigung:} 22... Qb7) 23. Qa6 Qxb4 24. Rxc6 {Jetzt ist die
schwarze Bauernstruktur am Damenfl�gel sehr schlecht. Alle 3 schwarze Bauern
sind vereinzelt und schwach.} Rxc6 25. Qxc6 Qa4 26. Ra1 Qc4 $6 (26... Be4 $1 {
sieht annehmbar aus f�r Schwarz.}) 27. Qa6 Rd7 28. Nd2 Qb4 29. Nb3 Be4 30.
Rc1 g5 31. Nh5 Ne6 32. Bxe4 dxe4 {Damit entsteht ein starker Freibauer auf d4.}
33. Kg2 Qa4 $6 (33... Qe7) 34. Rc8+ Nf8 (34... Bf8 35. Qxa4 bxa4 36. Nf6+ Kg7
37. Nxd7 axb3 38. axb3 {+-}) 35. Rxf8+ $2 {In Zeitnot verpasst Weiss:} (35.
Nf6+ $1 Kh8 (35... Bxf6 36. Qxf6 {+- nebst 37.Nc5 oder 37.Qh6}) 36. Qc6 {
+- mit sofortigem Gewinn.}) 35... Bxf8 36. Nf6+ Kg7 37. Qxa4 bxa4 38. Nxd7 axb3
39. axb3 {Das Endspiel ist wegen des Bauernvorteils leicht f�r Wei�
gewonnen. Der Rest der Partie ist reine Technik.} Bd6 40. g4 Kg6 41. f3 exf3+
42. Kxf3 f5 43. e4 fxe4+ 44. Kxe4 Kf7 45. Kd5 Bg3 46. Kc6 Ke7 47. d5 1-0

[Event "Donetzk zt"]
[Site "Donetsk"]
[Date "1998.11.06"]
[Round "5"]
[White "Neverov, Valeriy"]
[Black "Kruppa, Yuri"]
[Result "1-0"]
[WhiteElo "2515"]
[BlackElo "2570"]
[Annotator "Donev,I"]
[PlyCount "71"]
[EventDate "1998.11.02"]
[EventType "swiss"]
[EventRounds "11"]
[EventCountry "UKR"]
[SourceTitle "CBM 068"]
[Source "ChessBase"]
[SourceDate "1999.02.01"]
[SourceVersion "1"]
[SourceVersionDate "1999.02.01"]
[SourceQuality "1"]

1. d4 e6 2. c4 d5 3. Nc3 Be7 4. Nf3 Nf6 5. Bg5 h6 6. Bh4 O-O 7. e3 b6 8. Be2
Bb7 9. Bxf6 Bxf6 10. cxd5 exd5 11. b4 c6 12. O-O a5 13. b5 c5 14. Rc1 Nd7 15.
Qd2 Qe7 16. dxc5 Bxc3 17. Qxc3 bxc5 $14 {Auf dem Brett entsteht eine im
Damengambit häufig vorkommende Struktur - die hängenden Bauern. Wie man aus
dem Partieverlauf erkennt, sind hier die hängenden Bauern eher schwach als
stark. (Der Abtausch von zwei Leichtfiguren vermindert die schwarzen Chancen
auf Initiative.)} ({Die andere Alternative war :} 17... Nxc5 {um mit dem ,,
Isolani" zu spielen.} 18. Rfd1 $14) 18. Rc2 Rfc8 19. Rfc1 Qe6 20. Qb2 Qb6 21.
Bd3 g6 $6 (21... Nf6 $6 22. Qa3 c4 (22... Nd7 23. Bf5 Qxb5 24. Bxd7 Qxd7 25.
Rxc5 $16) 23. Bf5 Rc7 24. Nd4 $14) (21... Rc7 22. a4 Nf6 $13) 22. h4 h5 23. Ng5
a4 (23... c4 24. Be2 Nc5) 24. e4 $1 {Ein typischer Untergrabungszug, der die
hängenden Bauern schwächt und einen einzelnen Bauern erzwingt.} f6 (24... a3
25. Qa1) 25. Nf3 dxe4 26. Bc4+ $8 Kh7 27. Rd2 Nf8 28. Rcd1 $1 $16 {/\ Rd7 
Weiß verzichtet auf die positionelle Ausbeutung seiner Vorteile und geht gegen
den geschwächten König zum Angriff über.} Rc7 (28... exf3 29. Rd7+ Kh8 (29...
Kh6 30. Qc1+) 30. Qc1 $18) 29. Nh2 a3 30. Qa1 Ra4 31. Rd6 $18 {Weiterer
Materialverlust für den Nachziehenden ist unvermeidlich.} Qxd6 32. Rxd6 Rxc4
33. Qxf6 Rc1+ 34. Nf1 Kg8 35. Rd8 Rf7 36. Qxg6+ 1-0

[Event "GER-ch 70th"]
[Site "Bremen"]
[Date "1998.11.11"]
[Round "6"]
[White "Bischoff, Klaus"]
[Black "Lutz, Christopher"]
[Result "1/2-1/2"]
[WhiteElo "2550"]
[BlackElo "2600"]
[Annotator "Donev,I"]
[PlyCount "38"]
[EventDate "1998.11.06"]
[EventType "swiss"]
[EventRounds "9"]
[EventCountry "GER"]
[SourceTitle "CBM 068"]
[Source "ChessBase"]
[SourceDate "1999.02.01"]
[SourceVersion "1"]
[SourceVersionDate "1999.02.01"]
[SourceQuality "1"]

1. d4 d5 2. c4 e6 3. Nc3 Be7 4. Nf3 Nf6 5. Bg5 h6 6. Bh4 O-O 7. e3 b6 8. Be2
Bb7 9. Bxf6 Bxf6 10. cxd5 exd5 11. b4 c6 12. O-O a5 {Schwarz will b4-b5
provozieren, um c6-c5 durchsetzen zu können. So kann Schwarz die Stellung
öffnen und das Läuferpaar zur Wirkung bringen.} 13. bxa5 Rxa5 14. a4 c5 ({
Interessant ist auch folgende Idee:} 14... Bc8 {Der Läufer steht schlecht auf
b7, darum geht er auf das Feld e6, wo er bessere Möglichkeiten hat.} 15. Qc2
Be6 16. Rfc1 Qe7 17. Nd2 c5 $11) 15. Qb3 Na6 (15... c4 16. Qb2 Nd7 17. Rfb1 Bc6
18. Ne1 Be7 19. Nc2 Qa8 20. Bf3 Rb8 21. Nb4 Bxb4 22. Qxb4 Nf6 {1/2-1/2 Lukacs,
P-Abramovic,B/Belgrade 1984/MCL (40)}) 16. Rfd1 $5 $146 {Das Ziel dieses Zuges
ist es, den Druck gegen den schwachen d5-Bauern zu verstärken.} (16. Rfb1 Nb4
17. Na2 Nxa2 18. Rxa2 Ba6 19. Bxa6 Rxa6 20. Qb5 Qa8 21. dxc5 bxc5 22. Qxc5 Rxa4
23. Rxa4 Qxa4 24. h3 {1/2-1/2 Lautier,J-Kramnik,V/Belgrade 1997/CBM 62 (24)})
16... Nb4 {[%csl Rb6,Rd5] Auf b4 steht der schwarze Springer gut, weil er dort
zwei Funktionen erfüllt: Einerseits deckt er den Bauer d5, andererseits
versperrt er die b-Linie und verhindert auf diese Weise den Turmangriff gegen
den schwachen b6-Bauern.} 17. Bb5 Qa8 {Hier steht die Dame sehr gut. Einmal
übt sie Druck gegen den schwachen a4-Bauern aus und gleichzeitig deckt sie
noch einmal die Schwäche auf d5 ab, außerdem räumt sie das Feld für den
Königsturm.} 18. Ne1 Rc8 19. Rac1 Be7 1/2-1/2

[Event "DEN-ch"]
[Site "Aarhus"]
[Date "1999.04.02"]
[Round "7"]
[White "Hansen, Lars Bo"]
[Black "Nielsen, Peter Heine"]
[Result "1/2-1/2"]
[WhiteElo "2565"]
[BlackElo "2515"]
[Annotator "Donev,I"]
[PlyCount "86"]
[EventDate "1999.03.??"]
[EventType "tourn"]
[EventRounds "9"]
[EventCountry "DEN"]
[EventCategory "10"]
[SourceTitle "CBM 071"]
[Source "ChessBase"]
[SourceDate "1999.08.01"]
[SourceVersion "1"]
[SourceVersionDate "1999.08.01"]
[SourceQuality "1"]

1. d4 Nf6 2. Nf3 d5 3. c4 e6 4. Nc3 Be7 5. Bg5 h6 6. Bh4 O-O 7. e3 b6 8. Qb3
Bb7 9. Bxf6 Bxf6 10. cxd5 exd5 11. Rd1 Re8 12. Bd3 c5 13. dxc5 Nd7 14. c6 (14.
Na4 d4 (14... Bc6 15. cxb6 axb6 $14) 15. Bg6 Qe7 16. Nxd4 Bxd4 17. Rxd4 Ne5 18.
Be4 Bxe4 19. Rxe4 Nd3+ 20. Qxd3 Qxe4 21. Qxe4 Rxe4 22. b3 Rc8 23. cxb6 axb6 24.
Kd2 Re6 25. Rd1 b5 26. Nb2 Rd6+ 27. Ke1 Ra6 {1/2-1/2 Van der Wiel,J-Fries
Nielsen,J/Aarhus 1983/MCL (27)}) (14. cxb6) 14... Bxc6 15. O-O Nc5 16. Qa3 Bb7
(16... Qd7 17. Bc4 Bxc3 18. Qxc3 Rac8 19. Be2 Ba4 20. Rde1 Red8 21. Qa3 a5 22.
Nd4 Ne6 23. b3 Nxd4 24. exd4 Bb5 {1/2-1/2 Bagirov,V-Ivkov,B/Sarajevo 1980/EXT
99 (24)}) (16... Nxd3 17. Rxd3 Re7 18. Rfd1 Rd7 19. Qb3 Rc8 20. h3 Qe7 21. a3
g6 22. Qb4 Qxb4 23. axb4 Ba8 24. b5 Rc4 25. Nd4 Rdc7 26. Kf1 Kg7 27. Ke1 Rb4
28. R1d2 Bb7 29. Kd1 Rc5 30. Kc2 a5 31. Kb1 h5 32. Na2 Rbc4 33. b3 Rxd4 34.
exd4 Rxb5 35. Rc3 Ba6 36. Kc2 Bg5 37. Rd1 Be7 38. Rc7 Bd6 39. Rd7 Bb4 40. Nc3
Bxc3 41. Kxc3 Bc8 42. Rc7 Be6 43. Rd3 g5 44. f4 Bf5 45. Re3 gxf4 46. Rf3 Bb1
47. Kb2 Be4 48. Rxf4 a4 49. Rfxf7+ Kg6 50. Rg7+ Kf6 51. Rg3 h4 52. Re3 Bxg2 53.
Rc2 Be4 54. Rf2+ Kg5 55. Ka3 axb3 56. Rxb3 Ra5+ 57. Kb2 Ra4 58. Rd2 Kf4 59.
Rf2+ Kg5 60. Rd2 Kf4 61. Rf2+ {1/2-1/2 Izeta Txabarri,F-Gomez Esteban,J/
Albacete 1989/EXT 97 (61)}) (16... Rc8 17. Nb5 Nxd3 18. Qxd3 Bxb5 19. Qxb5 Rc5
20. Qb3 Qc8 21. h3 Rc2 22. Nd4 Rc4 23. Nf3 Rc2 24. Nd4 Rc4 25. Nf3 {1/2-1/2
Arsovic,G-Barsov,A/Budapest 1991/EXT 97 (25)}) (16... d4 17. Nxd4 Bxd4 18. exd4
Qg5 19. d5 Bd7 20. Be2 a5 21. Bf3 $6 (21. Rd4 $16) 21... Qf4 22. Ne2 Qb4 23.
Nd4 (23. Qc3 $5 {Kasparov}) 23... Qxa3 24. bxa3 Ne4 25. h4 Rac8 26. Rfe1 Nd6
27. Rxe8+ Rxe8 28. Rb1 Nc4 29. Rc1 Nd2 30. Be2 Re4 31. Rc7 Bg4 32. Bxg4 Rxd4
33. Be2 Rxd5 34. f3 Rc5 35. Rxc5 bxc5 36. Bd3 c4 37. Bc2 c3 38. Kf2 Nc4 $2 (
38... Kf8 $1 39. Ke2 Ke7 40. Kd3 Nf1 41. Kxc3 Ne3 42. g3 Nxc2 43. Kxc2 Kd6 $10
{Kasparov}) 39. Ke2 Nxa3 40. Kd3 Nb5 (40... Nxc2 41. Kxc2 f5 42. Kxc3 Kf7 43.
Kc4 Ke6 44. Kb5 Ke5 45. Kxa5 Kf4 46. Kb4 Kg3 47. a4 Kxg2 48. a5 Kxf3 49. a6 Ke2
50. a7 f4 51. a8=Q f3 52. Qe4+ Kf2 53. Kc3 $18) 41. a4 Nc7 42. Kxc3 {1-0
Kasparov,G-Beliavsky,A/Tbilisi 1978/URS-ch/[ChessBase] (42)}) 17. Ne2 $1 {
[%csl Gd4][%cal Ye2d4] Auf dem Brett steht eine typische Bauernstruktur - der
isolierte schwarze Damenbauer auf d5. Als Kompensation für seinen schwachen
Zentralbauer hat der Nachziehende das Läuferpaar. Mit seinem letzten Zug will
Weiß das wichtige Zentralfeld d4 unter Kontrolle nehmen, wo der Springer
ausgezeichnet stehen wird.} (17. Bb5 $5 {bedarf näherer Analyse} Re7 (17... Rf8
18. Bc4 $14) 18. Bc4 Rd7 19. Bb5 $11) 17... Nxd3 18. Rxd3 Qe7 19. Qxe7 Rxe7 {
[%cal Yf6b2,Ya8c8] Jetzt ist der Bauer b2 angegriffen, so gewinnt Schwarz Zeit,
um die einzige offene Linie zu beherrschen.} 20. Rd2 Rc8 21. Rfd1 Rec7 22. Nfd4
Bxd4 {Vielleicht muss man mit diesem Abtausch abwarten. (Schwarz verabschiedet
sich freiwillig vom Läuferpaar?)} (22... Ba6 {Jetzt ist der Abtausch Bxe2
interessant.} 23. Nc3 Rxc3 24. bxc3 Rxc3 $44 {Schwarz will Bc4 spielen damit
alle schwarzen Figuren aktiv stehen. Ich denke, dass der Nachziehende
Kompensation für die Qualität hat.}) (22... Rc5 $5) 23. Nxd4 {Jetzt kann der
ausgezeichnet stehende Springer schlecht vertrieben werden. Er ist die
stärkste Figur in dieser Position.} Kf8 24. f3 a6 {Kontrolliert das Feld b5.}
25. Kf2 g6 26. g4 Ke7 27. h4 Kf6 28. Rd3 Rc4 29. h5 {Weiß gewinnt noch mehr
Raum am Königsflügel.} b5 (29... g5 $2 $16 {[%csl Gf5][%cal Yd4f5,Yf5h6] Diese
Zug ist eine Fehler weil er den Punkt f5 für den weissen Springer freigibt und
der Bauer h6 eine dauerhafte Schwäche wird.}) 30. hxg6 fxg6 31. Rh1 Rh8 32.
Rdd1 h5 33. Rh4 Bc6 34. gxh5 gxh5 $18 (34... Rxh5 $5 35. Rxh5 gxh5 $16) 35.
Rf4+ $16 {Weiß kann jetzt sehr zufrieden mit seiner Stellung sein. Seine
Figuren stehen aktiv und die Bauernstruktur ist klar besser. (Schwache d5 und
h5-Bauern). Man kann sagen, dass der weisse Vorteil schon sehr gross ist.} (35.
b3 $5 Rc3 36. Nxc6 Rxc6 37. Rxd5 Rc2+ 38. Kg3 Rxa2 39. Rhxh5 $16) 35... Ke7 36.
Rg1 Rh7 37. Rg5 h4 38. Kg2 $6 (38. Rg6 $5 Bb7 (38... h3 $2 39. Nxc6+ Ke8 40.
Rxc4 bxc4 41. Kg1 $18) 39. Rfg4 $16) (38. Rgg4 h3 39. Rh4 Rxh4 40. Rxh4 Bd7)
38... Bd7 39. Rxd5 Rc1 40. Re4+ Kf8 41. Rf4+ Ke7 42. Re4+ Kf8 43. Rf4+ (43.
Rxh4 Rxh4 44. Rxd7 Rch1 $11) 43... Ke8 1/2-1/2

[Event "EU-chT (Men) 11th"]
[Site "Pula"]
[Date "1997.05.??"]
[Round "7.4"]
[White "Degerman, Lars"]
[Black "Haba, Petr"]
[Result "0-1"]
[WhiteElo "2480"]
[BlackElo "2520"]
[Annotator "Donev,I"]
[PlyCount "44"]
[EventDate "1997.05.05"]
[EventType "team-swiss"]
[EventRounds "9"]
[EventCountry "CRO"]
[SourceTitle "CBM 057 Extra"]
[Source "ChessBase"]
[SourceDate "1997.05.01"]
[SourceVersion "1"]
[SourceVersionDate "1997.05.01"]
[SourceQuality "1"]
[WhiteTeam "Sweden"]
[BlackTeam "Czech Republic"]
[WhiteTeamCountry "SWE"]
[BlackTeamCountry "CZE"]

1. d4 d5 2. c4 e6 3. Nf3 Nf6 4. Nc3 Be7 5. Bg5 O-O 6. e3 h6 7. Bh4 b6 8. Qc2
Bb7 9. Rd1 Nbd7 10. cxd5 Nxd5 11. Bxe7 $6 (11. Bg3 $142 Nxc3 (11... c5 $1 12.
dxc5 Rc8 13. cxb6 Bb4 $1 $44) 12. Qxc3 Rc8 13. Bb5 Nf6 14. O-O Ne4 15. Qb3 c6 (
15... Nxg3 $142 16. hxg3 Bd6 $10) 16. Bc4 Nxg3 17. hxg3 Bd6 18. e4 Qe7 19. e5
Bb8 20. Rd2 c5 21. d5 (21. dxc5 Qxc5 $17) 21... exd5 22. Bxd5 Bxd5 23. Rxd5
Rcd8 24. Rfd1 Rfe8 25. a4 Bc7 26. Qc4 Rxd5 27. Rxd5 Qe6 {1/2-1/2 Velikov,
P-Donev,I/BG-chT 1984}) 11... Qxe7 {Die schwarze Dame steht hier optimal:Von
eine Seite bereitet den Durbruch c7-c5 vor, von andere befreit für den Turm
des Feld d8.} 12. Nxd5 Bxd5 13. e4 Bb7 14. Bd3 c5 $15 15. O-O Rac8 16. Qe2 cxd4
17. Nxd4 Nc5 18. Rfe1 Nxd3 19. Qxd3 Rfd8 20. Qe2 $2 (20. a3 Qf6 21. e5 (21. Qe3
Bxe4 $1 22. Qxe4 Rc4 $17) 21... Qg5 22. Qf1 (22. f3 Rc5 $15) 22... Qf4 $15) (
20. Qb3 $142 Qc5 (20... Qf6 21. Nf3 Rxd1 22. Qxd1 Qxb2 23. Qd7 Ba6 24. Qxa7 Bc4
25. a4 e5 $15) 21. Nf3 e5 $15) 20... Qb4 21. a3 Qa4 22. f3 $4 (22. Nf3 $142
Rxd1 23. Rxd1 Qxe4 $17) 22... Rxd4 0-1

[Event "EU-chT (Men) 11th"]
[Site "Pula"]
[Date "1997.05.??"]
[Round "4.1"]
[White "Alterman, Boris"]
[Black "Vaganian, Rafael A"]
[Result "1/2-1/2"]
[WhiteElo "2595"]
[BlackElo "2585"]
[Annotator "Donev,I"]
[PlyCount "51"]
[EventDate "1997.05.05"]
[EventType "team-swiss"]
[EventRounds "9"]
[EventCountry "CRO"]
[SourceTitle "CBM 057 Extra"]
[Source "ChessBase"]
[SourceDate "1997.05.01"]
[SourceVersion "1"]
[SourceVersionDate "1997.05.01"]
[SourceQuality "1"]
[WhiteTeam "Israel"]
[BlackTeam "Armenia"]
[WhiteTeamCountry "ISR"]
[BlackTeamCountry "ARM"]

1. d4 d5 2. c4 e6 3. Nc3 Be7 4. Nf3 Nf6 5. Bg5 h6 6. Bh4 O-O 7. e3 b6 8. Be2
Bb7 {Nimmt nachdem Tausch auf f6 eine passive Stellung in Kauf. Elastischer
wäre 8..dc4 9.Bc4 Bb7} 9. Bxf6 Bxf6 10. cxd5 exd5 11. b4 {Weiß will mittels
b2-b4-b5 mehr Raum am Damenflügel bekommen und falls dann der Nachziehende
c7-c5 durchführt, so folgt, bxc6 mit festem weißen positionellem Vorteil.
Darum ist der Nachziehende gezwungen etwas gegen diese Maßnahmen zu
unternehmen:  a) Der früher populäre Plan: Gleich c7-c5 um die Stellung für
das Läuferpaar zu öffnen. In diesem Fall tauscht Weiß nur einmal mit 12.bxc5
bxc5 und kleinem weißen Vorteil. b) Der Modernere: 11...c6 mit der Idee den
Vorstoß c6-c5 zu einem späteren Zeitpunkt durchzuführen.} c6 12. O-O Re8 13.
Qb3 a5 14. bxa5 ({Selbstverständlich schlagen, falls Weiß} 14. b5 {zieht folgt
der natürliche Zug} c5 $1 15. dxc5 bxc5 {und jetzt sind die schwarzen Bauern
d5 und c5 unterstützt vom Läuferpaar sehr gefährlich.}) 14... Rxa5 {[%csl Ra2,
Rb6]} 15. Rab1 Nd7 16. a4 Be7 17. Rfe1 Bd6 18. e4 dxe4 19. Bc4 Rf8 (19... Re7
$5 20. Rxe4 Rf5) 20. Nxe4 Bc7 21. Rbd1 b5 (21... Qa8 $5 {[%cal Ya8a4,Ya8e4] /
\Ra4, c5}) 22. axb5 cxb5 23. Bxb5 Nb6 24. Bd3 Bd5 25. Qc2 Ba8 26. Bc4 (26. Ned2
$16) 1/2-1/2

[Event "RUS-Cup03 Geller Memorial"]
[Site "Moscow"]
[Date "1999.02.13"]
[Round "4"]
[White "Zenin, Dmitri"]
[Black "Burmakin, Vladimir"]
[Result "1/2-1/2"]
[WhiteElo "2345"]
[BlackElo "2534"]
[Annotator "Donev,I"]
[PlyCount "100"]
[EventDate "1999.02.10"]
[EventType "swiss"]
[EventRounds "9"]
[EventCountry "RUS"]
[SourceTitle "CBM 070"]
[Source "ChessBase"]
[SourceDate "1999.06.08"]
[SourceVersion "1"]
[SourceVersionDate "1999.06.08"]
[SourceQuality "1"]

1. d4 d5 2. c4 e6 3. Nc3 Be7 4. Nf3 Nf6 5. Bg5 h6 6. Bh4 O-O 7. e3 b6 {Das
Tartakower - System sprießt als immergrüner Seitentrieb im Variantengeäst des
Damengambits.} 8. Bd3 Bb7 9. O-O Nbd7 10. Qe2 Ne4 {Das Hauptproblem des
Nachziehenden ist die Entwicklung seiner Schwerfiguren. Das ergibt sich daraus,
dass der Anziehende mehr Raum zur Verfügung hat. Die weißen Türme können
schnell ihre optimalen Stellungen einnehmen, wohingegen  die Verbindung
zwischen den schwarzen Türmen durch die Dame gestört ist. Jetzt versucht der
Nachziehende die Stellung zu entladen. Das ist meistens für die Seite mit
weniger Raum nützlich.} ({Die andere Alternative, um das Zentrum aktiv zu
kämpfen ist:} 10... c5 11. Bg3 (11. Rfd1 Ne4 12. Bxe7 Qxe7 13. cxd5 Nxc3 14.
bxc3 exd5 $10) 11... Ne4 12. cxd5 exd5 13. Rad1 cxd4 $6 (13... Nxg3 $1 14. hxg3
Bf6 15. Bb1 Re8 $11) 14. Bxe4 $1 dxe4 15. Nxd4 Qc8 16. Nf5 Bg5 17. h4 Bf6 18.
Qg4 Kh7 19. Nxe4 Bxe4 20. Nd6 Qc6 21. Qxe4+ Qxe4 22. Nxe4 Nc5 23. Nxc5 bxc5 24.
b3 Rfd8 25. h5 Rac8 26. e4 c4 27. e5 Be7 28. Rxd8 Bxd8 29. Rc1 $2 cxb3 $3 30.
Bf4 (30. Rxc8 b2 $19) 30... bxa2 31. Ra1 Rc2 32. Be3 Bb6 {0-1 Belov,I-Donev,I/
Pravec (IM Turnier kat.4)1989 (32)}) 11. Bg3 Nxg3 12. hxg3 c5 (12... Nf6 13. e4
dxe4 14. Nxe4 c5 15. dxc5 bxc5 16. Rad1 Qa5 17. Nxf6+ Bxf6 18. Bb1 Rfd8 19. b3
Qa3 20. Rxd8+ Rxd8 21. Rd1 Rxd1+ 22. Qxd1 Qb2 23. Qc2 g6 24. Qxb2 Bxb2 25. Kf1
f5 26. Ne1 a5 27. g4 Kf7 28. gxf5 exf5 29. Nd3 Bd4 30. f3 g5 31. Ke2 Kf6 32. a3
h5 33. b4 cxb4 34. axb4 a4 35. Ba2 h4 36. b5 g4 37. Nf2 h3 38. gxh3 g3 {
0-1 Rufener,M-Donev,I/SWZ-chT 1998 (38)}) 13. Rfd1 cxd4 14. exd4 ({Nicht zu
empfehlen ist:} 14. Nxd4 Nf6 15. Rac1 (15. cxd5 Nxd5 16. Nxd5 Qxd5 17. Nf3 Qa5
$15) 15... Bb4 16. Bb1 Rc8 17. cxd5 Bxc3 $1 18. Nc6 Qe8 19. bxc3 Bxc6 20. dxc6
Qxc6 $17 {Drasko,M-Lputian,S/JUG/1985/0:1 (37)/}) 14... dxc4 15. Bxc4 Nf6 16.
Ne5 Bb4 17. Rac1 Qe7 (17... Bxc3 18. bxc3 Qc7 19. Bb3 Nd7 20. Ng4 Rfe8 21. c4
Rad8 $13 {Kharitonov,A-Lengyel,L//Sochi/1981/1:0 (43)/}) 18. Bd3 $146 {[%mdl 8]
} (18. f4 Rac8 19. Bb3 Bxc3 20. bxc3 Ne4 21. Rd3 Nd6 22. g4 Ba6 23. c4 {
1/2-1/2 Ionescu,C-Schussler,H/Haifa 1989/EU-chT (23)}) 18... Rac8 19. Ne4 Nxe4
(19... Nd5 20. Bb5 $10) 20. Bxe4 Bd6 21. Bb1 (21. Nc6) (21. Nc6 Bxc6 (21... Qd7
22. Ne5 Qe7 23. Nc6 $10) 22. Bxc6 Rc7 23. Be4 $10) 21... Bxe5 22. dxe5 Rxc1 23.
Rxc1 Rd8 24. Rd1 (24. Qc2 g6) 24... g6 25. Rxd8+ Qxd8 26. Qd3 Qc7 27. Qe3 Qc4
28. f3 Kg7 29. g4 Qb4 30. Qe2 Bd5 31. b3 Qd4+ 32. Kh2 Qf4+ 33. Kh3 a5 34. Bc2
Qd4 35. Kh2 Kf8 36. Bd3 a4 37. bxa4 Qxa4 38. Qb2 Qf4+ 39. Kh1 Bxf3 40. Qxb6 (
40. gxf3 Qxf3+ 41. Kh2 Qxd3 $19) 40... Bxg2+ 41. Kxg2 Qd2+ 42. Kg1 Qxd3 43.
Qb4+ Kg7 44. a4 Qe3+ 45. Kf1 Qh3+ 46. Kf2 Qh2+ 47. Kf3 h5 48. gxh5 Qxh5+ 49.
Kf2 Qh2+ 50. Kf3 Qh5+ 1/2-1/2